Statistics for NHL 2011-2012 Leaders

Click here to take the quiz!

General Stats

  • This quiz has been taken 1,055 times
  • The average score is 9 of 13

Answer Stats

Most:Answer% Correct
Goals60Tampa Bay LightningCenterSteven Stamkos
98%
Points109Pittsburgh PenguinsCenterEvgeni Malkin
97%
Assists67Vancouver CanucksCenterHenrik Sedin
97%
Shutouts10Los Angeles KingsGoalieJonathan Quick
92%
Wins43Nashville PredatorsGoaliePekka Rinne
86%
Plus/Minus+36Boston BruinsCenterPatrice Bergeron
85%
Faceoffs Won973Boston BruinsCenterPatrice Bergeron
85%
Goals Against Average1.56St. Louis BluesGoalieBrian Elliott
65%
Save Percentage.940St. Louis BluesGoalieBrian Elliott
65%
Power Play Goals18Pittsburgh PenguinsRight WingJames Neal
56%
Hits374New York IslandersLeft WingMatt Martin
36%
Blocked Shots250Montreal CanadiensDefensemanJosh Gorges
25%
Penalty Minutes235Columbus Blue JacketsRight WingDerek Dorsett
15%

Score Distribution

Percentile by Number Answered

Percent of People with Each Score

Your Score History

You have not taken this quiz